000
00290nam a2200109Ia 4500
008
171211s9999 xx 000 0 und d
245
_a
Unity 3D and PlayMaker Essentials
245
_c
Jere Miles
260
_c
2016
650
_x
GAMES
856
_u
http://down.ebook777.com/052/1138921777.pdf
999
_c
348964
_d
348964